Open Data Biblioteca Nacional de Portugal


República Portuguesa: Ministério da Cultura
Biblioteca Nacional de Portugal

Catálogo da BNP: acesso por Identificadores Unívocos
Registos Bibliográficos associados ao registo de autoridade

Etiqueta de registo: 00000nkm 2200025 450
001 2281484
003 http://id.bnportugal.gov.pt/bib/catbnp/2281484
100 ## $a20260318d1987 m y0pory01030103ba
101 0# $apor
102 ## $aPT
200 1# $aForum nacional telecomunicações 87, 3.º Workshop Nacional Engenharia de Telecomunicações, Computadores e Informática, Lisboa, 26-29 novembro 87, Auditório-exposição$bVisual gráfico]$fINESC e Associação Portuguesa para o Desenvolvimento das Comunicações$gdesign by João Sobral
210 #9 $a[Lisboa]$cINESC,$d1987$e[S.l.] :$gQualigrafe)
215 ## $a1 cartaz$ccolor.$d42,5x30 cm
317 ## $aColeção Madeira Luís
702 #1 $aSobral,$bJoão$4410$337942
710 01 $aWorkshop Nacional Engenharia de Telecomunicações, Computadores e Informática,$d3,$eLisboa,$f1987$31992251
712 02 $aAssociação Portuguesa para o Desenvolvimento das Comunicações$380690
712 02 $aINESC$329605
801 #0 $aPT$bBN$gRPC
966 ## $lBN$mICONOG$sCT. 16422 V.$x3
971 ## $cCaticonografia6$d20260318
995 ## $aPRR2026

OpendataBNP@bnportugal.pt | Mais informação sobre acesso aos dados BNP